000 00297nam a2200121Ia 4500
100 _aAmerican Foundrymen Society
942 _cBK
654 _aCast Iron
245 _aEngineering properities of cast iron
260 _bAmerican Foundrymen''s society
_c2001
082 _a670.1
546 _aENGLISH
999 _c30179
_d30179